Statistics for Third Crusade

Click here to take the quiz!

General Stats

  • This quiz has been taken 23 times
  • The average score is 6 of 18

Answer Stats

QuestionAnswer% Correct
This Kurdish man was named Sultan of Egypt in 1171, an act which united Egypt and Syria and surrounded the Crusader statesSaladin
93%
English king who was the overall leader of the Third CrusadeRichard the Lionheart
73%
Year in which that battle, and the fall of Jerusalem, took place1187
67%
Date of the Third Crusade1189-1192
53%
Battle in which Muslim forces decisively defeated the Crusader statesBattle of the Horns of Hattin
53%
Island English Crusaders conquered before arriving in the Holy LandCyprus
47%
The name of the treaty signed that ended conflictTreaty of Jaffa
47%
This major port city was taken via siege by the combined Christian forcesAcre
40%
French king who co-led the Crusade initially, left the Crusade early due to disagreements with his English counter-partPhilip Augustus
40%
German Emperor who led a large German army to Turkey but drowned before arriving in the Holy LandFrederick Barbarossa
33%
The Muslims received back this strategic city, which had been taken by Christian forcesAscalon
27%
The English king slighted this Austrian ruler by throwing down his standard after they jointly took the above cityLeopold V
13%
Number of Muslim prisoners the English king had decapitated2700
7%
This major battle was fought as Christian forces advanced on JaffaBattle of Arsuf
7%
This man was chosen to be King of Jerusalem, until he was assassinated on orders suspecting to have come from the English king, who then installed his nephew at kingConrad
7%
City that the English King attacked because his sister was imprisoned thereMessina
7%
This treaty allowed whom to visit Jerusalem, though it was still in Muslim handsPilgrims
7%
The above's full nameYusuf ibn Ayyub ibn Shadi
7%

Score Distribution

Percentile by Number Answered

Percent of People with Each Score

Your Score History

You have not taken this quiz